Εισαγωγή στην καλλιτεχνική φωτογραφία : ένα σεμινάριο είκοσι ωρών στη Λευκωσία τον Οκτώβριο του 1999

Αποθηκεύτηκε σε:
Λεπτομέρειες βιβλιογραφικής εγγραφής
Κύριος συγγραφέας: Ριβέλλης, Πλάτων, 1945-
Μορφή: Βιβλίο
Γλώσσα:Greek
Δημοσίευση: Αθήνα : Φωτοχώρος, 2000.
Θέματα:
Ετικέτες: Προσθήκη ετικέτας
Δεν υπάρχουν, Καταχωρήστε ετικέτα πρώτοι!

MARC

LEADER 00000cam a2200000 i 4500
001 1/22265
008 011008s2000 gr | ||| |||| ||gre||
020 |a 9607404475 
035 |l 10067447 
040 |a GR-MyUa  |b gre  |e AACR2 
041 0 |a gre 
082 7 |a 770.1   |2 (22) 
100 1 |a Ριβέλλης, Πλάτων,   |d 1945- 
245 1 0 |a Εισαγωγή στην καλλιτεχνική φωτογραφία :   |b ένα σεμινάριο είκοσι ωρών στη Λευκωσία τον Οκτώβριο του 1999 /   |c Πλάτων Ριβέλλης. 
260 |a Αθήνα :   |b Φωτοχώρος,   |c 2000. 
300 |a 206 σ. :   |b εικ. ;   |c 24 εκ. 
650 0 |a Photography, Artistic. 
852 |a INST  |b SYROS  |e 20011010  |h 770.1 ΡΙΒ  |p 005500000841  |q 005500000841  |t BK  |y 0 
852 |a INST  |b SYROS  |e 20011008  |h 770.1 ΡΙΒ  |p 005500000987  |q 005500000987  |t BK  |y 0 
901 |a BIBL5-2001-3 
970 |a Κρητικού  |b Θωμαΐς  |z 08/10/2001